Biggest to Smallest Countries That Start with S - Statistics

General Stats
  • This quiz has been taken 37 times
  • The average score is 16 of 26
Answer Stats
Continent Country % Correct
Africa Sudan
87%
Asia Saudi Arabia
83%
South America Suriname
83%
Europe Sweden
83%
Africa South Sudan
80%
Africa South Africa
77%
Africa Somalia
73%
Europe San Marino
67%
Europe Spain
67%
Asia Syria
67%
Africa Senegal
63%
North America Saint Kitts and Nevis
60%
North America Saint Lucia
60%
Asia Singapore
60%
Africa Sao Tome and Principe
57%
Europe Serbia
57%
Europe Slovakia
57%
North America St Vincent and the Grenadines
57%
Oceania Samoa
53%
Africa Seychelles
53%
Oceania Solomon Islands
53%
Asia South Korea
53%
Europe Slovenia
50%
Africa Sierra Leone
43%
Asia Sri Lanka
43%
Europe Switzerland
43%
No matching quizzes found
Score Distribution
Percent of People with Each Score
Percentile by Number Answered
Your Score History
You have not taken this quiz